00919aab a2200169 i 4500001001000000003001000010005001700020008004100037040001900078041000800097100004600105245005000151300007500201520030400276650006000580773010900640768714001CO-MdFUSB20241002062722.0240410t1984 ag ||||| |||| 00| 0 spa d bspacCO-MdFUSB aspa1 aDeiros, Pablo A. (Alberto) (1945-)eautor aMisioneros a pesar de todoc/ Pablo A. Deiros aVolumen 3, número 4 (diciembre, 1984), páginas: 151 - 153c; 27 cm aPerspectiva histórica del siglo IV, cuando Etiopía ya había establecido, organizado, expandido y nombrado su propio obispo como una forma de cristianismo. Además, muestra como las personas y las circunstancias bajo el gobierno soberano de Dios conducen a la expansión de la fe en Cristo.  7aCristianismoxHistoriay0030-0600 (Iglesia primitiva)20 tIglesia y Misión049402gVolumen 3, número 4 (diciembre, 1984), páginas: 151 - 153qpágina: 151